E- government : (Record no. 516125)

000 -LEADER
fixed length control field 00346nam a22001097a 4500
082 ## - DEWEY DECIMAL CLASSIFICATION NUMBER
Classification number B3x54 M691
100 ## - MAIN ENTRY--PERSONAL NAME
Personal name Misra, Dinesh Chandra
9 (RLIN) 22503
245 ## - TITLE STATEMENT
Title E- government :
Remainder of title The new frontier in governance
Statement of responsibility, etc by Dinesh Chandra Misra
260 ## - PUBLICATION, DISTRIBUTION, ETC. (IMPRINT)
Place of publication, distribution, etc New Delhi
Name of publisher, distributor, etc Matrix
Date of publication, distribution, etc 2013
300 ## - PHYSICAL DESCRIPTION
Extent 524p.
650 ## - SUBJECT ADDED ENTRY--TOPICAL TERM
Topical term or geographic name as entry element Internet in public administration - India
9 (RLIN) 24678
Holdings
Withdrawn status Lost status Source of classification or shelving scheme Damaged status Koha normalized classification for sorting Not for loan Permanent location Current location Date acquired Full call number Barcode Date last seen Price effective from Koha item type
        B_3X54_M691   Indian Institute of Public Administration Indian Institute of Public Administration 2021-02-17 B3x54 M691 GR22914 2021-02-17 2021-02-17 GR

Powered by Koha